[Event "Montevideo Glausura op"]
[Site "Montevideo"]
[Date "2019.11.15"]
[Round "4"]
[White "Milans, Carlos"]
[Black "Souto, Andres"]
[Result "1-0"]
[WhiteElo "1793"]
[BlackElo "1250"]
[PlyCount "37"]
[EventDate "2019.11.04"]
[EventType "swiss"]
[EventRounds "6"]
[EventCountry "URU"]
[SourceTitle "CBM 193 Extra"]
[Source "ChessBase"]
[SourceDate "2020.01.31"]
[SourceVersion "1"]
[SourceVersionDate "2020.01.31"]
[SourceQuality "1"]

1. c4 c5 2. g3 Nf6 3. Bg2 d5 4. cxd5 Nxd5 5. Nc3 e6 6. e4 Nxc3 7. bxc3 e5 8. Ne2 Bd6 9. Bb2 0-0 10. 0-0 Nc6 11. d4 c4 12. Qa4 Na5 13. Rad1 Qc7 14. dxe5 Bxe5 15. Rd5 b6 16. f4 Bd6 17. Ba3 Rd8 18. Qd1 Bb7 19. Rxd6 1-0

[Event "Montevideo Glausura op"]
[Site "Montevideo"]
[Date "2019.11.08"]
[Round "2"]
[White "Milans, Carlos"]
[Black "Kiel, Horacio"]
[Result "0-1"]
[WhiteElo "1793"]
[BlackElo "1608"]
[PlyCount "127"]
[EventDate "2019.11.04"]
[EventType "swiss"]
[EventRounds "6"]
[EventCountry "URU"]
[SourceTitle "CBM 193 Extra"]
[Source "ChessBase"]
[SourceDate "2020.01.31"]
[SourceVersion "1"]
[SourceVersionDate "2020.01.31"]
[SourceQuality "1"]

1. c4 f5 2. g3 e6 3. Bg2 Nf6 4. Nc3 Bb4 5. Nf3 Bxc3 6. bxc3 0-0 7. 0-0 d6 8. Ba3 Re8 9. Qc2 e5 10. Rab1 c5 11. d4 e4 12. Ng5 h6 13. Nh3 b6 14. Rbd1 Qc7 15. f3 Bb7 16. d5 Qe7 17. Bc1 Bc8 18. Nf2 Nbd7 19. Kh1 exf3 20. exf3 Ne5 21. Rfe1 Qf7 22. Bf4 Nxc4 23. Qb3 Ne5 24. c4 Bd7 25. Bxe5 dxe5 26. Qc3 f4 27. g4 Nh7 28. Ne4 Qf8 29. Re2 Ng5 30. Nxg5 hxg5 31. Rde1 Qf6 32. Rxe5 Rxe5 33. Rxe5 Re8 34. Rxe8+ Bxe8 35. Qxf6 gxf6 36. Bf1 Kf7 37. Kg2 Ke7 38. Bd3 Bd7 39. h4 gxh4 40. Kh3 Kd6 41. Kxh4 Ke5 42. g5 fxg5+ 43. Kxg5 Bh3 44. d6 Kxd6 45. Kxf4 Bd7 46. Kg5 Ke7 47. f4 a6 48. f5 b5 49. Kf4 Kf6 50. Be2 Bc6 51. Bd3 b4 52. Bc2 a5 53. Ke3 Bd7 54. Kf4 a4 55. Bb1 b3 56. axb3 axb3 57. Bd3 Be8 58. Bb1 Bf7 59. Bd3 b2 60. Ke3 Bxc4 61. Bb1 Bg8 62. Ke4 Bh7 63. Kd5 Bxf5 64. Ba2 0-1

[Event "Montevideo Trebejos op 06"]
[Site "Montevideo"]
[Date "2019.06.26"]
[Round "3"]
[White "Milans, Carlos"]
[Black "Guidali, Leonardo"]
[Result "1-0"]
[WhiteElo "1816"]
[BlackElo "1590"]
[PlyCount "31"]
[EventDate "2019.06.19"]
[EventType "swiss"]
[EventRounds "7"]
[EventCountry "URU"]
[SourceTitle "EXT 2020"]
[Source "ChessBase"]
[SourceDate "2019.10.17"]
[SourceVersion "1"]
[SourceVersionDate "2019.10.17"]
[SourceQuality "1"]

1. c4 e6 2. Nc3 Nf6 3. g3 d5 4. Bg2 c6 5. b3 Be7 6. Bb2 0-0 7. e3 Na6 8. Nf3 Bd7 9. 0-0 Re8 10. d4 Rc8 11. Re1 Ne4 12. Nd2 Nxc3 13. Bxc3 dxc4 14. Nxc4 b5 15. Ba5 Nc7 16. Ne5 1-0

[Event "Montevideo Nazzari Memorial"]
[Site "Montevideo"]
[Date "2019.03.18"]
[Round "4"]
[White "Milans, Carlos"]
[Black "Hiriart, Guillermo"]
[Result "0-1"]
[WhiteElo "1818"]
[BlackElo "1909"]
[PlyCount "56"]
[EventDate "2019.03.11"]
[EventType "swiss"]
[EventRounds "7"]
[EventCountry "URU"]
[SourceTitle "CBM 189 Extra"]
[Source "ChessBase"]
[SourceDate "2019.05.31"]
[SourceVersion "1"]
[SourceVersionDate "2019.05.31"]
[SourceQuality "1"]

1. c4 e5 2. Nc3 Nc6 3. g3 Nf6 4. Bg2 Nd4 5. e3 Ne6 6. b3 c6 7. Nge2 d6 8. Bb2 Be7 9. d4 Qa5 10. 0-0 0-0 11. a3 exd4 12. Nxd4 Nxd4 13. exd4 Bg4 14. f3 Be6 15. Qd3 Qh5 16. Rae1 Rae8 17. Ne2 d5 18. c5 g5 19. Bc1 h6 20. g4 Qg6 21. Qxg6+ fxg6 22. Ng3 Bd8 23. h3 Bc7 24. Nh1 Bc8 25. Nf2 b6 26. Nd3 Ba6 27. Rxe8 Rxe8 28. Re1 Bxd3 0-1

[Event "Montevideo Nazzari Memorial"]
[Site "Montevideo"]
[Date "2019.03.15"]
[Round "3"]
[White "Milans, Carlos"]
[Black "Zaruski, Julio"]
[Result "1-0"]
[WhiteElo "1818"]
[BlackElo "1826"]
[PlyCount "111"]
[EventDate "2019.03.11"]
[EventType "swiss"]
[EventRounds "7"]
[EventCountry "URU"]
[SourceTitle "CBM 189 Extra"]
[Source "ChessBase"]
[SourceDate "2019.05.31"]
[SourceVersion "1"]
[SourceVersionDate "2019.05.31"]
[SourceQuality "1"]

1. c4 c5 2. g3 g6 3. Bg2 Bg7 4. Nc3 Nc6 5. Nf3 e5 6. d3 d6 7. Rb1 Nge7 8. a3 0-0 9. 0-0 a5 10. b3 h6 11. Nd5 Nxd5 12. cxd5 Ne7 13. Ne1 b6 14. Nc2 Bb7 15. e4 Qd7 16. a4 Rae8 17. Na3 Ba6 18. Nc4 Qc7 19. f4 exf4 20. Bxf4 Bxc4 21. bxc4 Nc8 22. Kh1 Kh7 23. g4 Qd7 24. Rb5 f5 25. gxf5 gxf5 26. Bh3 Qf7 27. Bxf5+ Kh8 28. Qg4 Qf6 29. Qg6 Qxg6 30. Bxg6 Re7 31. Rbb1 Rf6 32. Bf5 Ref7 33. Bg3 Rf8 34. Kg2 Ne7 35. Rxb6 Nxf5 36. Rxf5 Rxf5 37. exf5 Rxf5 38. Rxd6 Kh7 39. Rc6 Bd4 40. d6 Rf7 41. Rc7 Kg6 42. d7 Bf6 43. Be5 Bd8 44. Rxc5 Rxd7 45. d4 Kf5 46. Bc7+ Ke4 47. Bxd8 Rxd8 48. d5 Kd4 49. Rc6 h5 50. d6 Kc3 51. c5 Kb4 52. Rc7 Kxa4 53. d7 Kb5 54. c6 Rg8+ 55. Kh3 Kb6 56. Rc8 1-0

[Event "Montevideo Trebejos Verano op"]
[Site "Montevideo"]
[Date "2019.02.01"]
[Round "7"]
[White "Avedisian, Alexander"]
[Black "Milans, Carlos"]
[Result "1-0"]
[WhiteElo "1921"]
[BlackElo "1821"]
[PlyCount "77"]
[EventDate "2019.01.18"]
[EventType "swiss"]
[EventRounds "7"]
[EventCountry "URU"]
[SourceTitle "CBM 188 Extra"]
[Source "ChessBase"]
[SourceDate "2019.02.28"]
[SourceVersion "1"]
[SourceVersionDate "2019.02.28"]
[SourceQuality "1"]

1. g3 Nf6 2. Bg2 g6 3. Nf3 Bg7 4. 0-0 0-0 5. c4 d6 6. Nc3 e5 7. d4 Nbd7 8. dxe5 dxe5 9. Qc2 c6 10. e4 Qc7 11. h3 b6 12. Be3 Bb7 13. Rfd1 Rfd8 14. Rac1 Nf8 15. b4 a6 16. Na4 N6d7 17. c5 b5 18. Nb6 Nxb6 19. cxb6 Qe7 20. Bc5 Qe8 21. Bd6 Nd7 22. Bc7 Rdc8 23. Qd3 Nf8 24. h4 Qe7 25. a3 f6 26. Kh2 Kf7 27. Bh3 Qe8 28. Nd2 a5 29. Ra1 a4 30. Nf3 Ne6 31. Bxe6+ Qxe6 32. Qc2 Bf8 33. Rd3 Be7 34. Rad1 Qg4 35. Qa2+ Kf8 36. Bxe5 Rd8 37. Nd4 Bc8 38. Bf4 c5 39. Bh6+ 1-0

[Event "Montevideo Trebejos Verano op"]
[Site "Montevideo"]
[Date "2019.01.30"]
[Round "6"]
[White "Milans, Carlos"]
[Black "Saralegui Cassan, Mario"]
[Result "1/2-1/2"]
[WhiteElo "1821"]
[BlackElo "2072"]
[PlyCount "90"]
[EventDate "2019.01.18"]
[EventType "swiss"]
[EventRounds "7"]
[EventCountry "URU"]
[SourceTitle "CBM 188 Extra"]
[Source "ChessBase"]
[SourceDate "2019.02.28"]
[SourceVersion "1"]
[SourceVersionDate "2019.02.28"]
[SourceQuality "1"]

1. c4 c5 2. g3 Nf6 3. Nc3 d5 4. cxd5 Nxd5 5. Bg2 Nc7 6. Nf3 Nc6 7. 0-0 e5 8. d3 Be7 9. a3 0-0 10. Rb1 f6 11. Nd2 Be6 12. b3 Qd7 13. Nc4 Rac8 14. Be3 b6 15. Qc1 Nd4 16. Bxd4 cxd4 17. Na2 Nd5 18. a4 Qd8 19. Qb2 a6 20. Rbc1 b5 21. axb5 axb5 22. Nd2 Qa5 23. Rxc8 Rxc8 24. Nc1 Ba3 25. Qa1 Qb4 26. Ne4 Bxc1 27. Rxc1 Rxc1+ 28. Qxc1 Nc3 29. Bf3 Qxb3 30. Nc5 Qa2 31. Nxe6 Qxe6 32. Qa3 h6 33. Kg2 Kh7 34. e3 Qf5 35. e4 Qe6 36. h4 f5 37. h5 f4 38. Qf8 fxg3 39. Kxg3 Qf6 40. Qc8 Qf4+ 41. Kg2 Qg5+ 42. Bg4 Ne2 43. Kf3 Ng1+ 44. Kg2 Ne2 45. Kf3 Ng1+ 1/2-1/2

[Event "Montevideo Trebejos Verano op"]
[Site "Montevideo"]
[Date "2019.01.25"]
[Round "4"]
[White "Dotta, Gian Franco"]
[Black "Milans, Carlos"]
[Result "1-0"]
[WhiteElo "1896"]
[BlackElo "1821"]
[PlyCount "41"]
[EventDate "2019.01.18"]
[EventType "swiss"]
[EventRounds "7"]
[EventCountry "URU"]
[SourceTitle "CBM 188 Extra"]
[Source "ChessBase"]
[SourceDate "2019.02.28"]
[SourceVersion "1"]
[SourceVersionDate "2019.02.28"]
[SourceQuality "1"]

1. e4 Nf6 2. Nc3 d6 3. d4 g6 4. f4 a6 5. Nf3 b5 6. Bd3 Bg7 7. 0-0 0-0 8. Qe1 Nc6 9. Qh4 e5 10. d5 Nd4 11. fxe5 Nxf3+ 12. Rxf3 dxe5 13. Bg5 b4 14. Ne2 h6 15. Bxf6 Qd6 16. Raf1 c5 17. Bxg7 Kxg7 18. Rf6 Qc7 19. Ng3 c4 20. Bxc4 Qxc4 21. Rxg6+ 1-0

[Event "Montevideo Cao Memorial"]
[Site "Montevideo"]
[Date "2018.11.19"]
[Round "6"]
[White "Milans, Carlos"]
[Black "Rodriguez Lazo, Luis A"]
[Result "0-1"]
[WhiteElo "1858"]
[BlackElo "1855"]
[PlyCount "88"]
[EventDate "2018.11.07"]
[EventType "swiss"]
[EventRounds "7"]
[EventCountry "URU"]
[SourceTitle "CBM 187 Extra"]
[Source "ChessBase"]
[SourceDate "2018.11.04"]
[SourceVersion "1"]
[SourceVersionDate "2018.11.04"]
[SourceQuality "1"]

1. c4 Nf6 2. g3 g6 3. Bg2 Bg7 4. Nc3 0-0 5. e3 e5 6. Nge2 c6 7. 0-0 Re8 8. d3 d6 9. Rb1 a5 10. a3 Nbd7 11. b4 axb4 12. axb4 Nf8 13. Bb2 Ne6 14. Ra1 Rxa1 15. Qxa1 h5 16. Rd1 Ng4 17. b5 Qf6 18. Ne4 Qe7 19. bxc6 f5 20. N4c3 bxc6 21. Bxc6 Rf8 22. Bg2 Bb7 23. Nd5 Bxd5 24. Bxd5 Kh7 25. Bg2 Bh6 26. d4 f4 27. exf4 exf4 28. f3 Ne3 29. Rd3 fxg3 30. hxg3 Nxg2 31. Kxg2 Nc5 32. Qd1 Nxd3 33. Qxd3 Re8 34. Ng1 Qe1 35. Bc3 Qc1 36. c5 Re3 37. Qc4 Rxc3 38. Qf7+ Bg7 39. Ne2 Qd2 40. Kf1 Re3 41. Qc4 d5 42. Qb5 Bxd4 43. Qb7+ Kh6 44. Qb5 Qd1+ 0-1

[Event "Montevideo Cao Memorial"]
[Site "Montevideo"]
[Date "2018.11.16"]
[Round "5"]
[White "Campora, Edgardo"]
[Black "Milans, Carlos"]
[Result "0-1"]
[WhiteElo "1674"]
[BlackElo "1858"]
[PlyCount "92"]
[EventDate "2018.11.07"]
[EventType "swiss"]
[EventRounds "7"]
[EventCountry "URU"]
[SourceTitle "CBM 187 Extra"]
[Source "ChessBase"]
[SourceDate "2018.11.04"]
[SourceVersion "1"]
[SourceVersionDate "2018.11.04"]
[SourceQuality "1"]

1. e4 e6 2. Nf3 c5 3. c3 d6 4. d4 cxd4 5. cxd4 Nf6 6. Nc3 Be7 7. Bf4 a6 8. Rc1 0-0 9. Bd3 Nc6 10. 0-0 b5 11. Re1 Nh5 12. Be3 Bb7 13. Bb1 g6 14. d5 Ne5 15. Nxe5 dxe5 16. dxe6 fxe6 17. Qb3 Ng7 18. Red1 Qe8 19. a4 b4 20. Na2 Bc6 21. Bc2 a5 22. f3 g5 23. h3 h6 24. Rd2 Rd8 25. Rcd1 Rxd2 26. Rxd2 Bd8 27. Nc1 Rf7 28. Nd3 Rd7 29. Nxe5 Rxd2 30. Bxd2 Bb6+ 31. Kf1 Bb7 32. Qc4 Qd8 33. Qd3 Qc8 34. Bb3 Ba6 35. Bc4 Qc5 36. Be1 Qg1+ 37. Ke2 Qxg2+ 38. Kd1 Bxc4 39. Nxc4 Bc7 40. h4 gxh4 41. Bxh4 Qh1+ 42. Be1 Bg3 43. Qe2 Bxe1 44. Qxe1 Qxf3+ 45. Qe2 Qf6 46. Nxa5 Qd8+ 0-1

[Event "Montevideo Cao Memorial"]
[Site "Montevideo"]
[Date "2018.11.14"]
[Round "4"]
[White "Milans, Carlos"]
[Black "Olivera, Omar"]
[Result "0-1"]
[WhiteElo "1858"]
[BlackElo "1143"]
[PlyCount "100"]
[EventDate "2018.11.07"]
[EventType "swiss"]
[EventRounds "7"]
[EventCountry "URU"]
[SourceTitle "CBM 187 Extra"]
[Source "ChessBase"]
[SourceDate "2018.11.04"]
[SourceVersion "1"]
[SourceVersionDate "2018.11.04"]
[SourceQuality "1"]

1. c4 g6 2. g3 Bg7 3. Bg2 Nc6 4. Nc3 d6 5. Rb1 e5 6. d3 Nge7 7. e3 Rb8 8. b4 a6 9. a4 Na7 10. b5 axb5 11. axb5 e4 12. Nxe4 b6 13. Ne2 Bb7 14. 0-0 f5 15. N4c3 Bxg2 16. Kxg2 0-0 17. Bb2 d5 18. Nf4 Kf7 19. Qb3 Qd6 20. Nfxd5 Nxd5 21. Nxd5 Bxb2 22. Rxb2 Nc8 23. Rc1 Ne7 24. Nxe7 Kxe7 25. Qb4 Qxb4 26. Rxb4 Ra8 27. c5 Rfc8 28. Kf3 Kd7 29. c6+ Ke7 30. h4 h5 31. e4 Rd8 32. Rc3 Rf8 33. exf5 Rxf5+ 34. Ke3 Raf8 35. f4 Kd6 36. Rd4+ Rd5 37. Rxd5+ Kxd5 38. Kf3 Kd4 39. Rc4+ Kxd3 40. Re4 Rd8 41. g4 hxg4+ 42. Kxg4 Kxe4 43. Kg5 Rd6 44. f5 gxf5 45. h5 f4 46. h6 Rxh6 47. Kxh6 f3 48. Kg6 f2 49. Kf6 f1Q+ 50. Ke7 Qd1 0-1

[Event "Montevideo Cao Memorial"]
[Site "Montevideo"]
[Date "2018.11.09"]
[Round "2"]
[White "Milans, Carlos"]
[Black "Caitano, Martin Joel"]
[Result "0-1"]
[WhiteElo "1858"]
[BlackElo "2097"]
[PlyCount "84"]
[EventDate "2018.11.07"]
[EventType "swiss"]
[EventRounds "7"]
[EventCountry "URU"]
[SourceTitle "CBM 187 Extra"]
[Source "ChessBase"]
[SourceDate "2018.11.04"]
[SourceVersion "1"]
[SourceVersionDate "2018.11.04"]
[SourceQuality "1"]

1. c4 d6 2. g3 g6 3. Bg2 Bg7 4. Nc3 e5 5. d3 Nh6 6. Nf3 0-0 7. 0-0 c6 8. Rb1 a5 9. a3 Na6 10. h3 Bd7 11. b4 axb4 12. axb4 Nc7 13. b5 Ne6 14. bxc6 bxc6 15. Qc2 f5 16. e3 f4 17. exf4 exf4 18. Ne2 fxg3 19. fxg3 Nf5 20. Kh2 Qa5 21. g4 Nfd4 22. Nfxd4 Qe5+ 23. Kg1 Rxf1+ 24. Kxf1 Nxd4 25. Nxd4 Qxd4 26. Bf3 h5 27. Bb2 Qf4 28. Kg2 hxg4 29. hxg4 Ra2 30. Qe2 Be5 31. Kg1 Rxb2 32. Rxb2 Qd4+ 33. Kg2 Qxb2 34. Qxb2 Bxb2 35. Kf2 Bd4+ 36. Kg3 g5 37. Be4 Kg7 38. Bf3 Kf6 39. Be2 Ke5 40. Kf3 c5 41. Bd1 Bc6+ 42. Kg3 Be3 0-1

[Event "Montevideo Trebejos op 07"]
[Site "Montevideo"]
[Date "2018.07.27"]
[Round "7"]
[White "Milans, Carlos"]
[Black "Pena Canapa, Alfredo"]
[Result "1-0"]
[WhiteElo "1820"]
[BlackElo "1901"]
[PlyCount "121"]
[EventDate "2018.07.11"]
[EventType "swiss"]
[EventRounds "7"]
[EventCountry "URU"]
[SourceTitle "EXT 2019"]
[Source "ChessBase"]
[SourceDate "2018.10.10"]
[SourceVersion "1"]
[SourceVersionDate "2018.10.10"]
[SourceQuality "1"]

1. c4 e5 2. g3 Nc6 3. Bg2 Bc5 4. Nc3 a6 5. e3 d6 6. a3 Ba7 7. Nge2 Bg4 8. b4 Nf6 9. Bb2 0-0 10. h3 Bh5 11. 0-0 Rb8 12. d3 Qd7 13. Qd2 h6 14. Kh2 Rfe8 15. Rac1 Bg6 16. Nd5 Nxd5 17. cxd5 Ne7 18. Nc3 c6 19. Ba1 Rf8 20. dxc6 bxc6 21. Ne2 Nd5 22. d4 e4 23. Qc2 Rfc8 24. Bxe4 Bxe4 25. Qxe4 Nf6 26. Qd3 a5 27. bxa5 Rb5 28. Rb1 Rh5 29. Nf4 Rxa5 30. Rb3 g5 31. Ng2 d5 32. Bc3 Ra4 33. Bb4 Bb8 34. Be1 Bd6 35. Bb4 Bb8 36. Rfb1 Ne4 37. Be1 Bd6 38. f3 Nf6 39. Rb7 Qe6 40. R1b3 Rca8 41. Bb4 Nh5 42. f4 Nf6 43. f5 Bxg3+ 44. Kxg3 Ne4+ 45. Kh2 Qxf5 46. Qe2 R4a7 47. Rxa7 Rxa7 48. Bc5 Ra8 49. Rb6 Nf2 50. Qh5 Re8 51. Rb3 Kg7 52. Bd6 Ne4 53. Be5+ Kh7 54. Rb7 Rf8 55. Rb6 Rc8 56. Rb7 Rf8 57. Bd6 Nxd6 58. Rc7 Rc8 59. Rxc8 Nxc8 60. Qg4 Kg6 61. Nh4+ 1-0

[Event "Montevideo Trebejos Autumn op"]
[Site "Montevideo"]
[Date "2018.03.14"]
[Round "4"]
[White "Rodriguez Farias, Victor Hugo"]
[Black "Milans, Carlos"]
[Result "0-1"]
[WhiteElo "1865"]
[BlackElo "1814"]
[PlyCount "56"]
[EventDate "2018.03.07"]
[EventType "swiss"]
[EventRounds "7"]
[EventCountry "URU"]
[SourceTitle "CBM 183 Extra"]
[Source "ChessBase"]
[SourceDate "2018.04.19"]
[SourceVersion "1"]
[SourceVersionDate "2018.04.19"]
[SourceQuality "1"]

1. e4 Nf6 2. e5 Nd5 3. d4 d6 4. c4 Nb6 5. exd6 exd6 6. Nc3 Be7 7. Be3 0-0 8. Rc1 Bf5 9. Qf3 Qc8 10. h3 Nc6 11. c5 dxc5 12. dxc5 Ne5 13. Qg3 Nbd7 14. Nd5 Re8 15. Be2 c6 16. Nxe7+ Rxe7 17. Nf3 Bd3 18. Nxe5 Nxe5 19. Bh6 f6 20. 0-0 Bxe2 21. Rfe1 Ng6 22. Be3 Bb5 23. h4 Qf5 24. a4 Bxa4 25. Rc4 Bb3 26. Rg4 Be6 27. f3 Rc8 28. Kf2 Ne5 0-1

[Event "Montevideo Trebejos Verano op"]
[Site "Montevideo"]
[Date "2018.01.26"]
[Round "6"]
[White "Milans, Carlos"]
[Black "Shih Ferreira, Yin Chieh"]
[Result "1-0"]
[WhiteElo "1812"]
[BlackElo "1366"]
[PlyCount "61"]
[EventDate "2018.01.15"]
[EventType "swiss"]
[EventRounds "6"]
[EventCountry "URU"]
[SourceTitle "CBM 182 Extra"]
[Source "ChessBase"]
[SourceDate "2018.02.23"]
[SourceVersion "1"]
[SourceVersionDate "2018.02.23"]
[SourceQuality "1"]

1. c4 e5 2. g3 g6 3. Bg2 Bg7 4. Nc3 Ne7 5. Nf3 0-0 6. 0-0 c6 7. c5 d5 8. cxd6 Qxd6 9. d3 f5 10. Be3 b6 11. Rc1 Bb7 12. Ng5 Nd7 13. Nb5 Qb8 14. Qb3+ Nd5 15. Rxc6 Bxc6 16. Bxd5+ Bxd5 17. Qxd5+ Kh8 18. Nf7+ Rxf7 19. Qxf7 Qd8 20. Rc1 Rc8 21. Rxc8 Qxc8 22. Nxa7 Qc7 23. Nb5 Qc6 24. Qe8+ Bf8 25. Bh6 Qc5 26. Bxf8 Nxf8 27. Nc7 Kg7 28. Qd8 Qc1+ 29. Kg2 Qxb2 30. Qe7+ Kg8 31. Ne8 1-0

[Event "Montevideo Trebejos Verano op"]
[Site "Montevideo"]
[Date "2018.01.24"]
[Round "5"]
[White "De Leon, Patricia O"]
[Black "Milans, Carlos"]
[Result "1/2-1/2"]
[WhiteElo "2006"]
[BlackElo "1812"]
[PlyCount "56"]
[EventDate "2018.01.15"]
[EventType "swiss"]
[EventRounds "6"]
[EventCountry "URU"]
[SourceTitle "CBM 182 Extra"]
[Source "ChessBase"]
[SourceDate "2018.02.23"]
[SourceVersion "1"]
[SourceVersionDate "2018.02.23"]
[SourceQuality "1"]

1. d4 e6 2. c4 f5 3. g3 Nf6 4. Bg2 Be7 5. Nc3 0-0 6. Nh3 d6 7. Nf4 c6 8. Nd3 Nbd7 9. 0-0 e5 10. dxe5 dxe5 11. e4 fxe4 12. Nxe4 Nxe4 13. Bxe4 Nf6 14. Bg2 e4 15. Nf4 Bf5 16. Qb3 Qb6 17. Qxb6 axb6 18. Be3 Bc5 19. Rfe1 Rfd8 20. h3 h5 21. a3 Rd7 22. Bxc5 bxc5 23. f3 Rd4 24. b3 Re8 25. fxe4 Bxe4 26. Bxe4 Rdxe4 27. Rxe4 Rxe4 28. Kf2 Kf7 1/2-1/2

[Event "Montevideo Trebejos op 11"]
[Site "Montevideo"]
[Date "2017.11.22"]
[Round "7"]
[White "Lanzilotta Mernies, Marcelo"]
[Black "Milans, Carlos"]
[Result "1-0"]
[WhiteElo "1992"]
[BlackElo "1849"]
[PlyCount "57"]
[EventDate "2017.11.08"]
[EventType "swiss"]
[EventRounds "7"]
[EventCountry "URU"]
[SourceTitle "CBM 181 Extra"]
[Source "ChessBase"]
[SourceDate "2017.12.12"]
[SourceVersion "1"]
[SourceVersionDate "2017.12.12"]
[SourceQuality "1"]

1. e4 Nf6 2. d3 e5 3. f4 d6 4. Nf3 Nc6 5. Nc3 Be7 6. Be3 Bg4 7. Be2 Qd7 8. Qd2 0-0-0 9. h3 Bxf3 10. Bxf3 Kb8 11. 0-0-0 h5 12. Kb1 exf4 13. Bxf4 Nd4 14. Be3 Nxf3 15. gxf3 h4 16. Ne2 Nh5 17. Rdg1 g6 18. Bf2 Ng7 19. Qc3 Ne6 20. f4 Rh5 21. Rg4 d5 22. Qe1 Rdh8 23. Rhg1 b6 24. Nc3 dxe4 25. dxe4 Bb4 26. a3 Bxc3 27. Qxc3 Nc5 28. Bxc5 Rxc5 29. Qxh8+ 1-0

[Event "Montevideo Trebejos op 11"]
[Site "Montevideo"]
[Date "2017.11.10"]
[Round "2"]
[White "Milans, Carlos"]
[Black "Shih Ferreira, Yin Chieh"]
[Result "1-0"]
[WhiteElo "1849"]
[BlackElo "1386"]
[PlyCount "89"]
[EventDate "2017.11.08"]
[EventType "swiss"]
[EventRounds "7"]
[EventCountry "URU"]
[SourceTitle "CBM 181 Extra"]
[Source "ChessBase"]
[SourceDate "2017.12.12"]
[SourceVersion "1"]
[SourceVersionDate "2017.12.12"]
[SourceQuality "1"]

1. c4 c6 2. g3 d5 3. Bg2 Nf6 4. Nf3 e6 5. 0-0 Bd6 6. b3 0-0 7. Bb2 Nbd7 8. Qc2 h6 9. d3 Re8 10. Nbd2 e5 11. cxd5 cxd5 12. e4 d4 13. Nc4 Bf8 14. Rac1 b6 15. Ba3 Ba6 16. Bxf8 Nxf8 17. Ncxe5 Rc8 18. Qb2 Ne6 19. Rxc8 Qxc8 20. Rc1 Qb7 21. b4 Rc8 22. Rxc8+ Qxc8 23. Nxd4 Nxd4 24. Qxd4 Qc1+ 25. Bf1 Bb5 26. Nc4 Bd7 27. Ne3 Bh3 28. Qc4 Qe1 29. Ng2 Qd1 30. e5 Nh7 31. f4 g5 32. Qe4 g4 33. Qe2 Qb1 34. a3 Nf8 35. Ne3 h5 36. f5 Nh7 37. Qc2 Qe1 38. Qf2 Qc1 39. Qf4 Bxf1 40. Nxf1 Qxf4 41. gxf4 Nf8 42. Kf2 Nd7 43. Kg3 Kg7 44. Ne3 a5 45. d4 1-0

[Event "Montevideo Trebejos op 10"]
[Site "Montevideo"]
[Date "2017.10.24"]
[Round "6"]
[White "Milans, Carlos"]
[Black "Santos, Emiliano"]
[Result "1-0"]
[WhiteElo "1847"]
[BlackElo "1830"]
[PlyCount "89"]
[EventDate "2017.10.03"]
[EventType "swiss"]
[EventRounds "6"]
[EventCountry "URU"]
[SourceTitle "CBM 181 Extra"]
[Source "ChessBase"]
[SourceDate "2017.12.12"]
[SourceVersion "1"]
[SourceVersionDate "2017.12.12"]
[SourceQuality "1"]

1. c4 Nf6 2. g3 d6 3. Bg2 g6 4. Nc3 Bg7 5. e3 Nbd7 6. Nge2 0-0 7. 0-0 a6 8. b4 Rb8 9. d4 Re8 10. Bd2 Nb6 11. Qb3 Bf5 12. Rac1 Bd3 13. c5 Nbd7 14. Rfd1 b5 15. Qb2 Bxe2 16. Nxe2 d5 17. Nc3 e6 18. e4 dxe4 19. Be3 Nd5 20. Nxe4 Nxe3 21. fxe3 f5 22. Nf2 Qg5 23. Qb3 Nf6 24. Nh3 Qh6 25. Nf4 Kf7 26. Bc6 Re7 27. d5 Ng4 28. h3 Ne5 29. d6 Nxc6 30. dxe7 g5 31. Ng2 Qxh3 32. Rd7 Nxe7 33. Re1 Be5 34. e4 Kf6 35. Rd3 Nc6 36. exf5 exf5 37. Qd1 Bxg3 38. Rxg3 Qxg3 39. Qd7 Ne5 40. Rxe5 Kg6 41. Qe6+ Kg7 42. Qxf5 Rf8 43. Qd7+ Kf6 44. Re6+ Kf5 45. Re3+ 1-0

[Event "Montevideo Trebejos op 10"]
[Site "Montevideo"]
[Date "2017.10.19"]
[Round "5"]
[White "Dominguez Orono, Walter"]
[Black "Milans, Carlos"]
[Result "1/2-1/2"]
[WhiteElo "1661"]
[BlackElo "1847"]
[PlyCount "97"]
[EventDate "2017.10.03"]
[EventType "swiss"]
[EventRounds "6"]
[EventCountry "URU"]
[SourceTitle "CBM 181 Extra"]
[Source "ChessBase"]
[SourceDate "2017.12.12"]
[SourceVersion "1"]
[SourceVersionDate "2017.12.12"]
[SourceQuality "1"]

1. c4 f5 2. Nc3 Nf6 3. d4 e6 4. Bg5 Be7 5. Nf3 Ne4 6. Bxe7 Qxe7 7. Qd3 Nxc3 8. Qxc3 b6 9. g3 Bb7 10. Bg2 0-0 11. 0-0 d6 12. Qe3 Nd7 13. Ng5 Bxg2 14. Kxg2 e5 15. dxe5 dxe5 16. Rad1 Rad8 17. f4 e4 18. Rd5 h6 19. Nh3 c6 20. Rd2 Nf6 21. Rfd1 Ng4 22. Qc3 Rxd2 23. Qxd2 Qc5 24. Rc1 Qe7 25. Rd1 Qc5 26. Rc1 a5 27. b3 Rf6 28. Rc3 Rd6 29. Qc1 Qd4 30. a3 c5 31. Qe1 e3 32. Ng1 Qe4+ 33. Nf3 Rd2 34. h3 Nh2 35. Rxe3 Qxe3 36. Qxd2 Qxb3 37. Kxh2 Qxc4 38. Ne5 Qe4 39. Qd8+ Kh7 40. Qd3 b5 41. Qxb5 Qe3 42. Kg2 Qxa3 43. h4 Qb4 44. Qe8 Qe4+ 45. Kf2 Qd4+ 46. Kf3 Qe4+ 47. Kf2 Qd4+ 48. Kf3 Qe4+ 49. Kf2 1/2-1/2

[Event "Montevideo Trebejos op 10"]
[Site "Montevideo"]
[Date "2017.10.10"]
[Round "3"]
[White "Guidali, Leonardo"]
[Black "Milans, Carlos"]
[Result "1/2-1/2"]
[WhiteElo "1680"]
[BlackElo "1847"]
[PlyCount "69"]
[EventDate "2017.10.03"]
[EventType "swiss"]
[EventRounds "6"]
[EventCountry "URU"]
[SourceTitle "CBM 181 Extra"]
[Source "ChessBase"]
[SourceDate "2017.12.12"]
[SourceVersion "1"]
[SourceVersionDate "2017.12.12"]
[SourceQuality "1"]

1. e4 Nf6 2. Nc3 e5 3. Nf3 Nc6 4. d4 exd4 5. Nxd4 d6 6. Bb5 Bd7 7. Bg5 h6 8. Bh4 Be7 9. Qd2 a6 10. Bxc6 bxc6 11. f3 g5 12. Bf2 c5 13. Nf5 Bxf5 14. exf5 Qd7 15. g4 Qc6 16. Qe2 Kd7 17. 0-0-0 Rhe8 18. Ne4 Nxe4 19. fxe4 Bf6 20. Qc4 Re7 21. Bxc5 Rb8 22. b3 Rb5 23. Bd4 Bxd4 24. Qxc6+ Kxc6 25. Rxd4 Rbe5 26. Re1 f6 27. Kd2 Ra5 28. a4 h5 29. Rd5 Rc5 30. h3 hxg4 31. hxg4 Rh7 32. Rxc5+ Kxc5 33. Re2 Rh4 34. Rg2 Kd4 35. Re2 1/2-1/2